Famous Floridians by Picture - Statistics

General Stats
  • This quiz has been taken 72 times
    52 since last reset
  • The average score is 8 of 18
Answer Stats
Picture Hint Answer % Correct
actor Johnny Depp
87%
singer Ariana Grande
83%
golfer Tiger Woods
78%
tennis player Serena Williams
74%
singer Pitbull
70%
novelist Ernest Hemingway
57%
painter Bob Ross
52%
singer Ray Charles
48%
wrestler Hulk Hogan
43%
rapper Vanilla Ice
43%
rapper Flo Rida
39%
rapper XXXTentacion
39%
actress Megan Fox
30%
wrestler Roman Reigns
26%
actress Eva Mendes
22%
athlete Tim Tebow
17%
actress Faye Dunaway
13%
singer Tom Petty
9%
No matching quizzes found
Score Distribution
Percent of People with Each Score
Percentile by Number Answered
Your Score History
You have not taken this quiz since the last reset